Catálogo - Centro de Recursos para el Aprendizaje y la Investigación

Volver al Sitio - CRAI Biblioteca

Jekel's epidemiology, biostatistics, preventive medicine, and public health / (Registro nro. 113741)

Detalles MARC
000 -CABECERA
campo de control de longitud fija 01271nam a2200337 4500
001 - NÚMERO DE CONTROL
campo de control 113741
003 - IDENTIFICADOR DEL NÚMERO DE CONTROL
campo de control DR-UNIBE
005 - FECHA Y HORA DE LA ÚLTIMA TRANSACCIÓN
campo de control 20250606110149.0
008 - DATOS DE LONGITUD FIJA--INFORMACIÓN GENERAL
campo de control de longitud fija 250606b2020 xxu||||| |||| 00| 0 eng d
020 ## - NÚMERO INTERNACIONAL ESTÁNDAR DEL LIBRO
Número Internacional Estándar del Libro 9780323642019
040 ## - FUENTE DE LA CATALOGACIÓN
Centro catalogador/agencia de origen BIBLIOTECA UNIBE
Centro/agencia transcriptor BIBLIOTECA UNIBE
Normas de descripción rda
041 ## - CÓDIGO DE LENGUA
Código de lengua del texto/banda sonora o título independiente eng
082 ## - NÚMERO DE LA CLASIFICACIÓN DECIMAL DEWEY
Número de clasificación 614.44 J47e 2020
245 ## - MENCIÓN DE TÍTULO
Título Jekel's epidemiology, biostatistics, preventive medicine, and public health /
Resto del título Joann Elmore [y otros tres]
250 ## - MENCIÓN DE EDICIÓN
Mención de edición Quinta edición
260 ## - PUBLICACIÓN, DISTRIBUCIÓN, ETC.
Lugar de publicación, distribución, etc. Philadelphia :
Nombre del editor, distribuidor, etc. Elsevier,
Fecha de publicación, distribución, etc. 2020
300 ## - DESCRIPCIÓN FÍSICA
Extensión xiii, 450 páginas :
Otras características físicas ilustraciones (algunas a color)
504 ## - NOTA DE BIBLIOGRAFÍA, ETC.
Nota de bibliografía, etc. Incluye referencias bibliográficas e índice
505 ## - NOTA DE CONTENIDO CON FORMATO
Nota de contenido con formato Section I. Epidemiology |<br/>Section 2. Biostatistics |<br/>Section 3. Preventive Medicine |<br/>Section 4. Public Health |<br/>
650 ## - PUNTO DE ACCESO ADICIONAL DE MATERIA--TÉRMINO DE MATERIA
Término de materia o nombre geográfico como elemento de entrada Epidemiología
9 (RLIN) 120925
650 ## - PUNTO DE ACCESO ADICIONAL DE MATERIA--TÉRMINO DE MATERIA
Término de materia o nombre geográfico como elemento de entrada Estadísticas médicas
9 (RLIN) 37491
650 ## - PUNTO DE ACCESO ADICIONAL DE MATERIA--TÉRMINO DE MATERIA
Término de materia o nombre geográfico como elemento de entrada Medicina preventiva
650 ## - PUNTO DE ACCESO ADICIONAL DE MATERIA--TÉRMINO DE MATERIA
Término de materia o nombre geográfico como elemento de entrada Salud pública
9 (RLIN) 120927
650 ## - PUNTO DE ACCESO ADICIONAL DE MATERIA--TÉRMINO DE MATERIA
Término de materia o nombre geográfico como elemento de entrada Servicios de salud preventiva
Subdivisión general Estadísticas
9 (RLIN) 196229
650 #0 - PUNTO DE ACCESO ADICIONAL DE MATERIA--TÉRMINO DE MATERIA
Término de materia o nombre geográfico como elemento de entrada
9 (RLIN) 159587
700 1# - PUNTO DE ACCESO ADICIONAL--NOMBRE DE PERSONA
Nombre de persona Elmore, Joann G.
Término indicativo de función/relación autor
9 (RLIN) 120929
700 1# - PUNTO DE ACCESO ADICIONAL--NOMBRE DE PERSONA
Nombre de persona Wild, Dorothea M. G.
Término indicativo de función/relación autor
9 (RLIN) 120930
700 1# - PUNTO DE ACCESO ADICIONAL--NOMBRE DE PERSONA
Nombre de persona Katz, David L.
Fechas asociadas al nombre 1963-
Término indicativo de función/relación autor
9 (RLIN) 120928
700 1# - PUNTO DE ACCESO ADICIONAL--NOMBRE DE PERSONA
Nombre de persona Katz, David L.
Término indicativo de función/relación autor
9 (RLIN) 196227
942 ## - ELEMENTOS DE PUNTO DE ACCESO ADICIONAL (KOHA)
Fuente del sistema de clasificación o colocación Sistema de Clasificación Decimal Dewey
Tipo de ítem Koha Libro (reserva)
Existencias
Estado de retiro Estado de pérdida Fuente del sistema de clasificación o colocación No para préstamo Código de colección Localización permanente Ubicación en estantería Fecha de adquisición Total de préstamos Signatura topográfica completa Código de barras Fecha visto por última vez Número de copia Precio válido a partir de Tipo de ítem Koha
  Disponible Sistema de Clasificación Decimal Dewey   Reserva Biblioteca Central UNIBE Área de exhibición 06/06/2025   614.44 J47e 2020 250677 06/06/2025 Ej. 1 06/06/2025 Libro (reserva)